F1 Season: 1963 Race Winners - Statistics

General Stats
  • This quiz has been taken 127 times
  • The average score is 10 of 10
Answer Stats
Grand Prix Driver % Correct
Belgian Jim Clark
98%
Dutch Jim Clark
98%
French Jim Clark
98%
British Jim Clark
98%
Italian Jim Clark
98%
Mexican Jim Clark
98%
South African Jim Clark
98%
Monaco Graham Hill
94%
United States Graham Hill
94%
German John Surtees
82%
No matching quizzes found
Score Distribution
Percent of People with Each Score
Percentile by Number Answered
Your Score History
You have not taken this quiz